000
00345pab a2200145 454500
008
180718b2003 xxu||||| |||| 00| 0 eng d
100
_a
Anand, Vinod K.
245
_a
The plight of the poor farmers: a point of view
260
_c
2003
300
_a
p.16-18.
362
_a
30 Aug
650
_a
Farmers
773
_a
Mainstream
909
_a
58035
999
_c
58035
_d
58035